000 00434nam a2200133 4500
999 _c14000
_d14000
008 190724b ||||| |||| 00| 0 eng d
082 _aDPer 050 T48 Apr-June 2016 v. 187 n. 12-24
100 _aWayne, Lil.
_938953
245 _aNicki Minaj:
_bchart breaker/
_cLil Wayne.
260 _aHong Kong:
_bTime Asia,
_cc2016.
300 _av187 n16-17, pages 96-97:
_billustrations;
_c27 cm.
650 _aSingers.
_938944
942 _2ddc
_cPER